000 00368nam a2200157Ia 4500
008 230524s9999 xx 000 0 und d
082 _a658.45
_bGIL
100 _aAndrew Gillespie
245 0 _aBusiness Economics
250 _aIST
260 _aNEW YORK
_bOxford
_c2010
300 _aXIX;458
500 _aQuantity Number: 5
650 _aEconomics
942 _cBK
999 _c49264
_d49264